INE Words Quiz Stats

Quiz not verified by Sporcle

Challenge
Share
Tweet
Embed
Score 0/20 Timer 03:00
0 Plays Today
Definition Word % Correct
an extreme scarcity of foodfamine
74.2%
thin crisp cracker usually sprinkled with saltsaltine
66.7%
pit or excavation in the earth from which mineral substances are takenmine
66.7%
characteristic of or appropriate or unique to womenfeminine
66.7%
a strong string of two or more strands twisted togethertwine
63.6%
to utter a high-pitched plaintive or distressed crywhine
57.6%
waste material that is secreted by the kidney in vertebratesurine
53%
place in which devotion is paid to a saint or deityshrine
50%
heavenly, godlikedivine
48.5%
to state as an opinionopine
48.5%
Definition Word % Correct
adjacent over hypotenusecosine
43.9%
water of a sea or salt lakebrine
42.4%
to determine or identify the essential qualities or meaning of define
42.4%
manner of preparing food; style of cooking; also; the food preparedcuisine
40.9%
of or relating to the navigation of the seamarine
34.8%
nonmetallic halogen element used especially in medicine, photography, and analysisiodine
28.8%
any of a class of basic organic compounds derived from ammonia by replacement of hydrogen with one or more monovalent hydrocarbon radicalsamine
13.6%
tall-climbing semievergreen Asian shrub with fragrant white flowersjasmine
9.1%
a process or channel of supplypipeline
6.1%
mineral that is a natural potassium chloride and occurs in colorless cubes or crystalline massessylvine
1.5%

You're not logged in!

Compare scores with friends on all Sporcle quizzes.
Sign Up with Email
OR
Log In

You Might Also Like...

Show Comments

Extras

Top Quizzes Today


Score Distribution

Your Account Isn't Verified!

In order to create a playlist on Sporcle, you need to verify the email address you used during registration. Go to your Sporcle Settings to finish the process.

Report this User

Report this user for behavior that violates our Community Guidelines.

Details: